Quick Pick: US First Ladies Quiz Stats

Quiz Updated Aug 15, 2016

Challenge
Share
Tweet
Embed
Score 0/15 Timer 01:30
0 Plays Today
% Correct
Hillary
97.7%
Nancy
96.7%
Martha
96%
Michelle
95.4%
Laura
93%
Elizabeth
90.6%
Mamie
83.7%
Edith
81.1%
% Correct
Helen
79.5%
Anna
74.1%
Grace
68.7%
Eliza
58.1%
Lucretia
55.9%
Lou
50%
Angelica
47.2%

Today's Daily Dose

You're not logged in!

Compare scores with friends on all Sporcle quizzes.
Sign Up with Email
OR
Log In

You Might Also Like...

Show Comments

Extras

Top Quizzes Today


Score Distribution

Your Account Isn't Verified!

In order to create a playlist on Sporcle, you need to verify the email address you used during registration. Go to your Sporcle Settings to finish the process.

Report this User

Report this user for behavior that violates our Community Guidelines.

Details: